Las aventuras de Tintin: (Registro nro. 30601)

Detalles MARC
000 -LEADER
fixed length control field 00274nam a22000977a 4500
008 - FIXED-LENGTH DATA ELEMENTS--GENERAL INFORMATION
fixed length control field 240216b |||||||| |||| 00| 0 eng d
082 ## - DEWEY DECIMAL CLASSIFICATION NUMBER
Classification number DG EUR HERE EJ.1
100 10 - MAIN ENTRY--PERSONAL NAME
Personal name Hergé
Relator term autor
9 (RLIN) 43430
245 ## - TITLE STATEMENT
Title Las aventuras de Tintin:
Remainder of title La estrella misteriosa /
Statement of responsibility, etc. Hergé
942 ## - ADDED ENTRY ELEMENTS (KOHA)
Source of classification or shelving scheme Dewey Decimal Classification
Existencias
Withdrawn status Lost status Source of classification or shelving scheme Damaged status Not for loan Home library Current library Shelving location Date acquired Total Checkouts Full call number Barcode Date last seen Price effective from Non-public note Koha item type Public note
    Dewey Decimal Classification     Biblored Biblioteca Pública José María del Castillo y Rada Fiction 02/16/2024   DG EUR HERE EJ.1 35714005548152 02/16/2024 02/16/2024 manchas de cinta Books Material Interbibliotecario BibloRed